[Event "ODJM B 2014"]
[Site "Magdeburg GER"]
[Date "2014.06.13"]
[Round "8"]
[White "Lange, Cecilia"]
[Black "Henning, Marvin"]
[Result "0-1"]
[Termination "normal"]
[Board "1"]
[WhiteElo "1553"]
[BlackElo "1569"]
[WhiteClock "00:11:05"]
[BlackClock "00:38:33"]
[PlyCount "106"]
[WhiteFideId "12976040"]
[BlackFideId "12957399"]
[EventCountry "GER"]
[EventRounds "9"]
[EventType "swiss"]
[EventDate "2014.06.07"]

1. e4 c5 2. Nf3 Nc6 3. d4 cxd4 4. Nxd4 g6 5. Nc3 Bg7 6. Be3 d6 7. f3 Nf6 8. Qd2
Bd7 9. Bc4 a6 10. O-O-O Rc8 11. g4 Ne5 12. Be2 b5 13. g5 Nh5 14. f4 Nc4 15.
Bxc4 Rxc4 16. f5 O-O 17. Rdf1 e6 18. f6 Bh8 19. Rd1 h6 20. h4 Ng3 21. Rhg1 b4
22. Qd3 Qc7 23. Ncb5 axb5 24. Rxg3 d5 25. Rgg1 e5 26. Nb3 d4 27. Bf2 h5 28. Bg3
Bg4 29. Rd2 Rd8 30. Kb1 Be6 31. Qf3 Qa7 32. Nc1 Ra8 33. a3 bxa3 34. b3 Rc3 35.
Rd3 a2+ 36. Ka1 b4 37. Bxe5 Qa3 38. Ne2 Rxc2 39. Bxd4 Bg4 40. Qf4 Bxe2 41. Rdg3
Rac8 42. Rh3 Rc1+ 43. Rxc1 Rxc1+ 44. Qxc1 Qxc1+ 45. Kxa2 Qc2+ 46. Ka1 Bd3 47.
Rxd3 Qxd3 48. Bb2 Qxe4 49. Ka2 Qxh4 50. Ka1 Qxg5 51. Ka2 h4 52. Ka1 Bxf6 53.
Bxf6 Qxf6+ 0-1

[Event "ODJM B 2014"]
[Site "Magdeburg GER"]
[Date "2014.06.13"]
[Round "8"]
[White "Eggert, Daniela"]
[Black "Meyer, Nico"]
[Result "1/2-1/2"]
[Termination "normal"]
[Board "3"]
[WhiteElo "1405"]
[BlackElo "1486"]
[WhiteClock "00:54:41"]
[BlackClock "00:20:15"]
[PlyCount "41"]
[WhiteFideId "12991490"]
[BlackFideId "12975257"]
[EventCountry "GER"]
[EventRounds "9"]
[EventType "swiss"]
[EventDate "2014.06.07"]

1. e4 e5 2. Nf3 Nc6 3. Nc3 Nf6 4. d4 exd4 5. Nxd4 Bb4 6. Nxc6 bxc6 7. Bd3 O-O
8. O-O Bxc3 9. bxc3 d5 10. exd5 cxd5 11. Qf3 Bg4 12. Qg3 Qd7 13. h3 Bf5 14. Bf4
Bxd3 15. cxd3 Nh5 16. Qf3 Nxf4 17. Qxf4 Rfe8 18. Rfe1 c6 19. Rab1 Rxe1+ 20.
Rxe1 Kf8 21. d4 1/2-1/2

[Event "ODJM B 2014"]
[Site "Magdeburg GER"]
[Date "2014.06.13"]
[Round "8"]
[White "Hofele, Mathis"]
[Black "Hagenbeck-Hübert, Lara"]
[Result "1-0"]
[Termination "normal"]
[Board "4"]
[WhiteElo "1520"]
[BlackElo "1443"]
[WhiteClock "00:57:50"]
[BlackClock "00:49:55"]
[PlyCount "31"]
[WhiteFideId "12963844"]
[BlackFideId "12964484"]
[EventCountry "GER"]
[EventRounds "9"]
[EventType "swiss"]
[EventDate "2014.06.07"]

1. e4 e5 2. Nf3 Nc6 3. d4 exd4 4. Nxd4 Qh4 5. Nc3 Bb4 6. Be2 Qxe4 7. Ndb5 Kd8
8. O-O Bxc3 9. bxc3 Nf6 10. Re1 Re8 11. Be3 d6 12. Qd2 a6 13. Nxd6 Qg6 14.
Nxb7+ Ke7 15. Bc5+ Ke6 16. Bg4# 1-0

[Event "ODJM B 2014"]
[Site "Magdeburg GER"]
[Date "2014.06.13"]
[Round "8"]
[White "Kornitzky, Tino"]
[Black "Glaser, Maximilian"]
[Result "0-1"]
[Termination "normal"]
[Board "6"]
[WhiteElo "1386"]
[BlackElo "1397"]
[WhiteClock "01:18:04"]
[BlackClock "01:23:08"]
[PlyCount "70"]
[WhiteFideId "12970379"]
[BlackFideId "12956961"]
[EventCountry "GER"]
[EventRounds "9"]
[EventType "swiss"]
[EventDate "2014.06.07"]

1. d4 e6 2. c4 c5 3. Nf3 cxd4 4. Nxd4 Nc6 5. e3 Nf6 6. Nc3 Be7 7. g3 O-O 8. Bg2
Bb4 9. Bd2 a6 10. Qb3 Be7 11. Nxc6 bxc6 12. O-O d5 13. Rad1 Bd7 14. e4 Rb8 15.
Qa4 a5 16. exd5 cxd5 17. Qc2 dxc4 18. Bf4 Rb4 19. Ne2 Qb6 20. Be5 Ba4 21. b3
cxb3 22. axb3 Bxb3 23. Qd3 Bxd1 24. Rxd1 Qb5 25. Qe3 Rb1 26. Rxb1 Qxb1+ 27. Bf1
Qe4 28. Bxf6 Qxe3 29. fxe3 Bxf6 30. Nc1 a4 31. Na2 Rd8 32. Bc4 Rd2 33. Nb4 a3
34. Kh1 Bg5 35. e4 Rd4 0-1

[Event "ODJM B 2014"]
[Site "Magdeburg GER"]
[Date "2014.06.13"]
[Round "8"]
[White "Trömer, Felix"]
[Black "Adelmeyer, Matti"]
[Result "1/2-1/2"]
[Termination "normal"]
[Board "8"]
[WhiteElo "1438"]
[BlackElo "1316"]
[PlyCount "50"]
[WhiteFideId "12992879"]
[BlackFideId "12962520"]
[EventCountry "GER"]
[EventRounds "9"]
[EventType "swiss"]
[EventDate "2014.06.07"]

1. e4 e5 2. Nf3 Nc6 3. Nc3 Bc5 4. Bb5 Nf6 5. d3 Bd4 6. O-O O-O 7. Bg5 a6 8.
Bxc6 bxc6 9. Qd2 Bb7 10. Nh4 d5 11. Nf5 Bxc3 12. bxc3 dxe4 13. Nxg7 Kxg7 14.
Bh6+ Kh8 15. Qg5 Rg8 16. Qxe5 Qd6 17. Bf4 Rad8 18. dxe4 c5 19. f3 Rg6 20. Qf5
Qd7 21. Qxc5 Rc8 22. Be5 Qc6 23. Qe7 Qe6 24. Qc5 Qb6 25. Qxb6 cxb6 1/2-1/2

[Event "ODJM B 2014"]
[Site "Magdeburg GER"]
[Date "2014.06.13"]
[Round "8"]
[White "Rose, Luis Stratos"]
[Black "Grund, Melanie"]
[Result "0-1"]
[Termination "normal"]
[Board "10"]
[WhiteElo "1392"]
[BlackElo "1344"]
[PlyCount "110"]
[WhiteFideId "12976008"]
[BlackFideId "12988804"]
[EventCountry "GER"]
[EventRounds "9"]
[EventType "swiss"]
[EventDate "2014.06.07"]

1. d4 d5 2. c4 e6 3. Nc3 c6 4. e3 Bd6 5. Bd3 f5 6. Nf3 Nd7 7. Bd2 Ngf6 8. O-O
O-O 9. Ne2 Ne4 10. Nf4 Rf6 11. Rb1 Rh6 12. Nh3 Ndf6 13. Ne5 Nd7 14. f4 Nxe5 15.
dxe5 Be7 16. Bxe4 fxe4 17. cxd5 exd5 18. f5 d4 19. Qb3+ Kh8 20. exd4 Qxd4+ 21.
Be3 Qxe5 22. Bxh6 gxh6 23. Qc3 Bc5+ 24. Kh1 Bd4 25. Qb4 c5 26. Qd2 e3 27. Qd3
e2 28. Rfe1 Bxf5 29. Qxe2 Qxe2 30. Rxe2 Bxb1 31. a3 Rf8 32. Re1 Bg6 33. g3 Bxb2
34. Nf4 Kg8 35. Nxg6 hxg6 36. Rb1 Bxa3 37. Ra1 Bb4 38. Rxa7 Rb8 39. Kg2 Kf7 40.
Kf3 Ke6 41. Ke4 Bc3 42. g4 c4 43. h3 Bf6 44. h4 Bxh4 45. g5 hxg5 46. Ra4 Rf8
47. Ra3 Rf4+ 48. Ke3 Kd6 49. Rc3 Kc5 50. Rc2 Bf2+ 51. Kd2 Bd4 52. Kd1 Rf1+ 53.
Kd2 Rf2+ 54. Kd1 Rxc2 55. Kxc2 g4 0-1

[Event "ODJM B 2014"]
[Site "Magdeburg GER"]
[Date "2014.06.13"]
[Round "8"]
[White "Bajorski, Marius"]
[Black "Wiemann, Daniel"]
[Result "1/2-1/2"]
[Termination "normal"]
[Board "11"]
[WhiteElo "1807"]
[BlackElo "1393"]
[PlyCount "86"]
[WhiteFideId "12938831"]
[BlackFideId "12942944"]
[EventCountry "GER"]
[EventRounds "9"]
[EventType "swiss"]
[EventDate "2014.06.07"]

1. e4 e6 2. d4 d5 3. Nc3 Bb4 4. e5 c5 5. Qg4 Ne7 6. dxc5 Bxc3+ 7. bxc3 Qc7 8.
Nf3 Nd7 9. Qxg7 Rg8 10. Qxh7 Nxe5 11. Qh3 Nxf3+ 12. Qxf3 Qxc5 13. Bd2 Bd7 14.
Bd3 O-O-O 15. O-O Nf5 16. Bxf5 exf5 17. Be3 Qxc3 18. Qxd5 Be6 19. Qc5+ Qxc5 20.
Bxc5 Bd5 21. f3 b6 22. Bf2 Bxf3 23. Bg3 Be4 24. c3 Rd2 25. Rf2 Rxf2 26. Kxf2
Rd8 27. Bf4 Rd3 28. h4 Rxc3 29. Rc1 Rxc1 30. Bxc1 Kb7 31. h5 b5 32. h6 f4 33.
Bxf4 Bh7 34. Ke3 Kc6 35. Kd4 f6 36. Kc3 a5 37. a3 Bg6 38. Bd2 b4+ 39. axb4
axb4+ 40. Kxb4 Kd5 41. g4 Ke4 42. g5 fxg5 43. Bxg5 Kf5 1/2-1/2

[Event "ODJM B 2014"]
[Site "Magdeburg GER"]
[Date "2014.06.13"]
[Round "8"]
[White "Buller, Ian Joshua"]
[Black "Biermann, Florian"]
[Result "1-0"]
[Termination "normal"]
[Board "12"]
[WhiteElo "1244"]
[BlackElo "1725"]
[PlyCount "37"]
[WhiteFideId "12990655"]
[BlackFideId "12970069"]
[EventCountry "GER"]
[EventRounds "9"]
[EventType "swiss"]
[EventDate "2014.06.07"]

1. e4 c5 2. Nf3 e6 3. d4 cxd4 4. Nxd4 a6 5. Nc3 Qc7 6. Nf3 Nc6 7. Bd3 Nf6 8. h3
Be7 9. O-O O-O 10. Bg5 b5 11. Re1 d6 12. Qd2 b4 13. Ne2 Bb7 14. Ng3 h6 15. Bxh6
gxh6 16. Qxh6 Ne5 17. Ng5 Qc5 18. Rf1 Nfg4 19. Qh7# 1-0

[Event "ODJM B 2014"]
[Site "Magdeburg GER"]
[Date "2014.06.13"]
[Round "8"]
[White "Hoang, Viet Long"]
[Black "Grey, Andrea"]
[Result "1-0"]
[Termination "normal"]
[Board "13"]
[WhiteElo "1459"]
[BlackElo "1205"]
[PlyCount "67"]
[WhiteFideId "12964824"]
[BlackFideId "12971880"]
[EventCountry "GER"]
[EventRounds "9"]
[EventType "swiss"]
[EventDate "2014.06.07"]

1. e4 c5 2. Nf3 Nc6 3. d4 cxd4 4. Nxd4 g6 5. Nc3 Bg7 6. Be3 a6 7. Be2 Nf6 8.
Qd2 d6 9. f3 Bd7 10. g4 O-O 11. O-O-O b5 12. g5 Ne8 13. h4 Nc7 14. h5 Ne6 15.
Nxe6 Bxe6 16. hxg6 fxg6 17. Nd5 b4 18. Bc4 Bf7 19. Qh2 h5 20. gxh6 Be5 21. f4
Bf6 22. Nxf6+ exf6 23. Bxf7+ Kxf7 24. f5 g5 25. Rxd6 Qc8 26. Qh5+ Ke7 27. Bc5
Rd8 28. Rd5+ Rd6 29. Rxd6 Qc7 30. Rd5+ Qd6 31. Bxd6+ Kd7 32. Qf7+ Ne7 33. Qxe7+
Kc6 34. Qc7# 1-0

[Event "ODJM B 2014"]
[Site "Magdeburg GER"]
[Date "2014.06.13"]
[Round "8"]
[White "Triantafillidis, Simeon"]
[Black "Giede, Anna-Blume"]
[Result "0-1"]
[Termination "normal"]
[Board "14"]
[WhiteElo "1361"]
[BlackElo "1457"]
[PlyCount "40"]
[WhiteFideId "12953113"]
[BlackFideId "12921980"]
[EventCountry "GER"]
[EventRounds "9"]
[EventType "swiss"]
[EventDate "2014.06.07"]

1. e4 c6 2. d4 d5 3. exd5 cxd5 4. c4 Nf6 5. Nc3 Nc6 6. Be3 e6 7. Nf3 Bb4 8. a3
Ba5 9. b4 Bc7 10. c5 O-O 11. Bd3 b6 12. b5 Na5 13. Qc2 bxc5 14. dxc5 h6 15. Qd2
Nb3 16. Qb2 Nxa1 17. Qxa1 e5 18. Qc1 d4 19. Bxh6 dxc3 20. Bxg7 Qxd3 0-1

[Event "ODJM B 2014"]
[Site "Magdeburg GER"]
[Date "2014.06.13"]
[Round "8"]
[White "Breß, Aaron"]
[Black "Kostanyan, Hakob"]
[Result "0-1"]
[Termination "normal"]
[Board "15"]
[WhiteElo "1364"]
[BlackElo "1178"]
[PlyCount "60"]
[WhiteFideId "12996432"]
[BlackFideId "12977683"]
[EventCountry "GER"]
[EventRounds "9"]
[EventType "swiss"]
[EventDate "2014.06.07"]

1. e4 e5 2. Nf3 Nc6 3. Bb5 Nd4 4. Nxd4 exd4 5. c3 c6 6. Bc4 d5 7. exd5 cxd5 8.
Bb5+ Bd7 9. Bxd7+ Qxd7 10. Qe2+ Be7 11. O-O Nf6 12. Re1 d3 13. Qxd3 O-O 14. Qc2
Rac8 15. d4 Bd6 16. Nd2 Rfe8 17. Rxe8+ Rxe8 18. Nf3 Ne4 19. Be3 Qc7 20. Qb3 Nf6
21. Rc1 Ng4 22. c4 Bxh2+ 23. Kf1 g6 24. Qb5 Nxe3+ 25. fxe3 Rxe3 26. Qxd5 Qf4
27. Qd8+ Kg7 28. Qd5 Rxf3+ 29. Qxf3 Qxc1+ 30. Kf2 Qxb2+ 0-1

[Event "ODJM B 2014"]
[Site "Magdeburg GER"]
[Date "2014.06.13"]
[Round "8"]
[White "Kleine, Jakob"]
[Black "Gutschenreiter, Donato"]
[Result "0-1"]
[Termination "normal"]
[Board "16"]
[WhiteElo "1198"]
[BlackElo "1362"]
[PlyCount "76"]
[WhiteFideId "12979821"]
[BlackFideId "12975540"]
[EventCountry "GER"]
[EventRounds "9"]
[EventType "swiss"]
[EventDate "2014.06.07"]

1. e4 e6 2. d4 d5 3. exd5 exd5 4. Bd3 Bd6 5. Nf3 Ne7 6. h3 Nbc6 7. O-O h6 8.
Nc3 Be6 9. Be3 a6 10. Qd2 Qd7 11. a3 O-O-O 12. Rfb1 g5 13. Ne5 Nxe5 14. dxe5
Bxe5 15. Qe2 d4 16. Bd2 dxc3 17. bxc3 Qd6 18. Be4 Bd5 19. Qg4+ f5 20. Bxf5+
Nxf5 21. Qxf5+ Be6 22. Qe4 Qd5 23. Qb4 Bd6 24. Qb3 Qxb3 25. cxb3 Bxa3 26. Bxg5
hxg5 27. Rxa3 Rhe8 28. Ra5 Rd5 29. Ra2 Red8 30. Kh2 Rd2 31. Ra5 R8d5 32. Rxd5
Bxd5 33. Kg1 b5 34. Ra1 Kb7 35. b4 Rc2 36. Ra3 Kb6 37. g3 Rc1+ 38. Kh2 Rh1# 0-1

[Event "ODJM B 2014"]
[Site "Magdeburg GER"]
[Date "2014.06.13"]
[Round "8"]
[White "Wu, Erik"]
[Black "Von Jan, Lena"]
[Result "0-1"]
[Termination "normal"]
[Board "17"]
[WhiteElo "1187"]
[BlackElo "1322"]
[PlyCount "96"]
[WhiteFideId "12977489"]
[BlackFideId "12946060"]
[EventCountry "GER"]
[EventRounds "9"]
[EventType "swiss"]
[EventDate "2014.06.07"]

1. e4 e5 2. Nf3 Nc6 3. Bc4 Nf6 4. d3 Bc5 5. c3 d6 6. Bb3 Bb6 7. h3 O-O 8. O-O
Ne7 9. Re1 Ng6 10. Nbd2 c6 11. d4 h6 12. Nf1 Re8 13. Ng3 Bc7 14. Bc2 d5 15. Be3
Be6 16. Qd2 Qd7 17. Kh2 dxe4 18. dxe5 Nxe5 19. Nxe5 Bxe5 20. Bf4 Qxd2 21. Bxd2
Bd5 22. b3 c5 23. Re3 Bc6 24. Rae1 Bf4 25. R3e2 Bc7 26. c4 Re6 27. Re3 Rae8 28.
Kg1 Bf4 29. R3e2 Bc7 30. Bc3 Bxg3 31. fxg3 Nd7 32. Kf2 e3+ 33. Kg1 b6 34. Bb2
b5 35. Bc1 Ne5 36. cxb5 Bxb5 37. Rxe3 a6 38. Bf5 R6e7 39. Bb2 Nf3+ 40. gxf3
Rxe3 41. Rxe3 Rxe3 42. Be4 Re1+ 43. Kf2 Re2+ 44. Kg1 Rxb2 45. a4 Bd7 46. Bb7
Bxa4 47. Bxa6 Bxb3 48. Kf1 c4 0-1

[Event "ODJM B 2014"]
[Site "Magdeburg GER"]
[Date "2014.06.13"]
[Round "8"]
[White "Müdder, Melanie"]
[Black "Tamrazyan, Gohar"]
[Result "0-1"]
[Termination "normal"]
[Board "19"]
[WhiteElo "1098"]
[BlackElo "1483"]
[PlyCount "50"]
[WhiteFideId "12994103"]
[BlackFideId "1330799"]
[EventCountry "GER"]
[EventRounds "9"]
[EventType "swiss"]
[EventDate "2014.06.07"]

1. e4 c5 2. Nc3 Nc6 3. f4 d6 4. Bb5 Bd7 5. Bxc6 Bxc6 6. d3 f5 7. exf5 Bxg2 8.
Qh5+ Kd7 9. Qg4 Bxh1 10. f6+ Kc7 11. fxg7 Bxg7 12. Qxg7 Nf6 13. Be3 Rg8 14. Qf7
Rg2 15. Qc4 Qg8 16. Qxg8 Raxg8 17. O-O-O Rxh2 18. f5 Nd5 19. Nxd5+ Bxd5 20. b3
Rgg2 21. Rf1 Rxc2+ 22. Kd1 Rxa2 23. Ne2 Rhxe2 24. Bf4 Bxb3+ 25. Kc1 Ra1# 0-1

[Event "ODJM B 2014"]
[Site "Magdeburg GER"]
[Date "2014.06.13"]
[Round "8"]
[White "von Schoenebeck, Konstantin"]
[Black "Petri, Ben-Luca"]
[Result "1-0"]
[Termination "normal"]
[Board "20"]
[WhiteElo "1023"]
[BlackElo "1394"]
[PlyCount "83"]
[WhiteFideId "12977349"]
[BlackFideId "12947261"]
[EventCountry "GER"]
[EventRounds "9"]
[EventType "swiss"]
[EventDate "2014.06.07"]

1. e4 e5 2. Nf3 Nc6 3. Bc4 Nd4 4. c3 Nxf3+ 5. Qxf3 Nf6 6. d4 d6 7. Bg5 Be7 8.
O-O O-O 9. h4 h6 10. Be3 Ng4 11. g3 Nf6 12. Qg2 Bg4 13. Nd2 Nd7 14. Nf3 Nb6 15.
Bb3 Bf6 16. Rad1 Qe7 17. Rde1 Bd7 18. Nh2 Bb5 19. f4 Bxf1 20. Qxf1 exd4 21.
Bxd4 Bxd4+ 22. cxd4 Qd7 23. e5 dxe5 24. dxe5 Qd4+ 25. Kh1 Qc5 26. e6 Qc6+ 27.
Nf3 fxe6 28. Rxe6 Qxe6 29. Bxe6+ Kh7 30. Qd3+ Kh8 31. Bb3 Rad8 32. Qe4 c6 33.
Bc2 Kg8 34. Ne5 Rfe8 35. Qh7+ Kf8 36. Qh8+ Ke7 37. Qxg7+ Kd6 38. b4 Re7 39.
Qg6+ Re6 40. Nf7+ Kd7 41. Qxe6+ Kxe6 42. Nxd8+ 1-0

[Event "ODJM B 2014"]
[Site "Magdeburg GER"]
[Date "2014.06.13"]
[Round "8"]
[White "Grothe, Pascal"]
[Black "Jäger, Gustav"]
[Result "0-1"]
[Termination "normal"]
[Board "21"]
[WhiteElo "1236"]
[BlackElo "1152"]
[PlyCount "162"]
[BlackFideId "12957364"]
[EventCountry "GER"]
[EventRounds "9"]
[EventType "swiss"]
[EventDate "2014.06.07"]

1. e4 e5 2. Nf3 Nc6 3. Bc4 Bc5 4. d3 h6 5. Be3 Bb6 6. Nc3 d6 7. h3 Be6 8. Bb3
Nf6 9. Nd5 Bxd5 10. Bxd5 Nb4 11. Bxb7 Rb8 12. Bd5 Nbxd5 13. exd5 Nxd5 14. Bxb6
Nxb6 15. Qd2 O-O 16. O-O Re8 17. Rfe1 Qf6 18. Rab1 d5 19. c3 Rbd8 20. Qc2 Qf5
21. Nd2 Nc4 22. Rbd1 Rd6 23. Re2 Nxd2 24. Qxd2 Rg6 25. Kh2 Ree6 26. Rde1 e4 27.
dxe4 Rxe4 28. Rxe4 dxe4 29. Qd8+ Kh7 30. Qxc7 Qxf2 31. Rg1 a6 32. Qc4 e3 33.
Qe4 Qxb2 34. c4 Qxa2 35. c5 Qe6 36. Qxe6 Rxe6 37. Re1 Re5 38. c6 Re6 39. c7 Rc6
40. Rxe3 Rxc7 41. Kg3 f5 42. Kf4 Kg6 43. Re6+ Kf7 44. Rxa6 g6 45. Ra4 Re7 46.
h4 Kf6 47. Ra6+ Re6 48. Rxe6+ Kxe6 49. g4 Kf6 50. gxf5 gxf5 51. h5 Ke6 52. Kf3
Ke5 53. Ke3 f4+ 54. Kf3 Kf5 55. Kf2 Kg4 56. Kg2 Kxh5 57. Kf3 Kg5 58. Kg2 Kg4
59. Kf2 h5 60. Kg2 h4 61. Kh2 Kf3 62. Kh3 Ke2 63. Kxh4 f3 64. Kg4 f2 65. Kf5
f1=Q+ 66. Ke5 Qf3 67. Kd4 Qe3+ 68. Kd5 Qf4 69. Kc5 Qd2 70. Kc4 Qd3+ 71. Kc5 Ke3
72. Kc6 Qd4 73. Kc7 Ke4 74. Kc6 Qd5+ 75. Kb6 Qc4 76. Kb7 Kd5 77. Kb6 Qc5+ 78.
Kb7 Qc6+ 79. Ka7 Qb5 80. Ka8 Kc6 81. Ka7 Qb7# 0-1

[Event "ODJM B 2014"]
[Site "Magdeburg GER"]
[Date "2014.06.13"]
[Round "8"]
[White "Lommel, Hagen"]
[Black "Gan, Maxwell"]
[Result "1-0"]
[Termination "normal"]
[Board "22"]
[WhiteElo "1209"]
[BlackElo "1109"]
[PlyCount "59"]
[WhiteFideId "12972380"]
[BlackFideId "16210581"]
[EventCountry "GER"]
[EventRounds "9"]
[EventType "swiss"]
[EventDate "2014.06.07"]

1. e4 e5 2. Nf3 Nc6 3. Bb5 Nf6 4. Nc3 Bc5 5. O-O O-O 6. Bxc6 dxc6 7. h3 Re8 8.
d3 h6 9. Be3 Bb6 10. Qd2 Kh7 11. Ne2 Be6 12. Ng3 Qd7 13. Kh2 Bxe3 14. Qxe3 Bg4
15. Rfe1 Bxf3 16. Qxf3 c5 17. Qf5+ Kg8 18. Qxd7 Nxd7 19. Nf5 Kh7 20. Ne3 Nb6
21. Nc4 Nxc4 22. dxc4 Rad8 23. Rad1 Rd4 24. Rxd4 cxd4 25. Kg3 Kg6 26. f4 c5 27.
f5+ Kg5 28. h4+ Kh5 29. Kh3 Rd8 30. g4# 1-0

[Event "ODJM B 2014"]
[Site "Magdeburg GER"]
[Date "2014.06.13"]
[Round "8"]
[White "Matuschak, Henry"]
[Black "Pahl, Erik"]
[Result "1-0"]
[Termination "normal"]
[Board "23"]
[WhiteElo "1153"]
[BlackElo "1028"]
[PlyCount "65"]
[BlackFideId "16201272"]
[EventCountry "GER"]
[EventRounds "9"]
[EventType "swiss"]
[EventDate "2014.06.07"]

1. e4 e5 2. Nf3 Nc6 3. Nc3 Nf6 4. Bb5 Bb4 5. O-O O-O 6. d3 d6 7. Bg5 Bxc3 8.
bxc3 Qe7 9. h3 a6 10. Bc4 Be6 11. Bb3 Bxb3 12. cxb3 Nd8 13. Re1 Ne6 14. Bh4 c5
15. d4 h6 16. dxe5 dxe5 17. Nxe5 Rad8 18. Nc6 Qd7 19. Nxd8 Qxd8 20. Qxd8 Nxd8
21. Bxf6 gxf6 22. Rad1 Kg7 23. Rd5 Ne6 24. Re3 Rg8 25. Rf5 Kh7 26. Rxf6 Rf8 27.
Ref3 Kg7 28. e5 b5 29. b4 c4 30. a3 Kg8 31. Rxh6 Ra8 32. Rg3+ Ng7 33. f4 1-0

[Event "ODJM B 2014"]
[Site "Magdeburg GER"]
[Date "2014.06.13"]
[Round "8"]
[White "Lilienthal, Niels Bennett"]
[Black "Kalina, Joshua"]
[Result "1/2-1/2"]
[Termination "normal"]
[Board "24"]
[WhiteElo "1167"]
[BlackElo "1090"]
[PlyCount "81"]
[WhiteFideId "16205421"]
[EventCountry "GER"]
[EventRounds "9"]
[EventType "swiss"]
[EventDate "2014.06.07"]

1. e4 e5 2. Nf3 Nc6 3. Bb5 Nf6 4. d3 a6 5. Bxc6 dxc6 6. Nxe5 Bd6 7. Nf3 O-O 8.
O-O Bc5 9. Bg5 Be7 10. h3 h6 11. Bh4 Be6 12. Nc3 Re8 13. Qd2 Nxe4 14. Nxe4 Bxh4
15. Qf4 Be7 16. Rfe1 Bd6 17. Nxd6 cxd6 18. Nd4 Qd7 19. Re3 Kf8 20. a3 Re7 21.
Rae1 Rae8 22. Nxe6+ Rxe6 23. Qg4 d5 24. d4 Qd6 25. Rxe6 Rxe6 26. Rxe6 Qxe6 27.
Qxe6 fxe6 28. f4 h5 29. Kf2 Ke7 30. Kf3 Kf6 31. b3 b5 32. h4 Kf5 33. a4 Kf6 34.
a5 b4 35. Kg3 Kf5 36. Kf3 Kf6 37. Kf2 Kg6 38. Kg3 Kf5 39. Kf3 Kf6 40. Kf2 Kg6
41. Kg3 1/2-1/2

[Event "ODJM B 2014"]
[Site "Magdeburg GER"]
[Date "2014.06.13"]
[Round "8"]
[White "Maar, Felicitas"]
[Black "Hoffmann, Simon"]
[Result "1-0"]
[Termination "normal"]
[Board "25"]
[WhiteElo "1087"]
[BlackElo "1126"]
[PlyCount "89"]
[WhiteFideId "12952648"]
[BlackFideId "12979686"]
[EventCountry "GER"]
[EventRounds "9"]
[EventType "swiss"]
[EventDate "2014.06.07"]

1. e4 e5 2. Nf3 Nc6 3. Bc4 Bc5 4. O-O d6 5. d3 Bg4 6. Nc3 Nd4 7. Be3 Bxf3 8.
gxf3 Qh4 9. Nd5 O-O-O 10. c3 Nc6 11. d4 exd4 12. cxd4 Bb6 13. Nxb6+ axb6 14.
Bxf7 Qh3 15. d5 Qh4 16. dxc6 bxc6 17. Qd2 Qh3 18. Qe2 Kb7 19. Rac1 Rf8 20. Qc4
Qd7 21. Bxg8 Rhxg8 22. Kg2 g5 23. a4 g4 24. f4 h5 25. Ra1 h4 26. a5 b5 27. a6+
Ka8 28. Qd4 c5 29. Qd5+ c6 30. Qa2 g3 31. Kh1 g2+ 32. Kg1 Qh3 33. Rfd1 Rg6 34.
f5 Rgf6 35. Bg5 R6f7 36. Rxd6 Rc7 37. Rd8+ Rxd8 38. Bxd8 Rd7 39. Qe6 Qd3 40.
Qxc6+ Kb8 41. Bxh4 b4 42. Bg3+ Ka7 43. Qxc5+ Ka8 44. Qc8+ Ka7 45. Qb8# 1-0

[Event "ODJM B 2014"]
[Site "Magdeburg GER"]
[Date "2014.06.13"]
[Round "8"]
[White "Scherping, Stephan"]
[Black "Wernecke, Tim"]
[Result "0-1"]
[Termination "normal"]
[Board "27"]
[WhiteElo "1094"]
[BlackElo "990"]
[PlyCount "140"]
[BlackFideId "12997137"]
[EventCountry "GER"]
[EventRounds "9"]
[EventType "swiss"]
[EventDate "2014.06.07"]

1. e4 e5 2. Nf3 Nc6 3. Bc4 Bc5 4. c3 Nf6 5. d4 exd4 6. cxd4 Bb4+ 7. Bd2 Bxd2+
8. Nbxd2 d5 9. exd5 Nxd5 10. O-O O-O 11. Re1 Bg4 12. Qb3 Na5 13. Qb5 Nxc4 14.
Qxc4 Nf6 15. Ne5 Bh5 16. h3 Nd7 17. Rac1 Rc8 18. Nb3 Nb6 19. Qd3 Nd5 20. Nc5
Nf4 21. Qe4 Qg5 22. Rc3 f5 23. Qxb7 c6 24. Rg3 Qh6 25. Qxa7 Ne2+ 26. Rxe2 Bxe2
27. Ne6 g6 28. Nxf8 Rxf8 29. Nd7 Qg7 30. Rb3 Bb5 31. Re3 c5 32. dxc5 Qxd7 33.
Qxd7 Bxd7 34. Rc3 Rc8 35. b4 Bb5 36. a3 Kf7 37. Re3 Re8 38. Rxe8 Kxe8 39. f4
Kf7 40. Kf2 Ke6 41. Kg3 h6 42. Kf3 Kd5 43. Ke3 Kc4 44. h4 Ba4 45. g3 Bb5 46.
Kf2 Kd4 47. Kf3 Bc6+ 48. Ke2 Ke4 49. Kf2 Bb5 50. Kg2 Ke3 51. Kg1 Kf3 52. Kh2
Kf2 53. Kh3 Kg1 54. g4 Kf2 55. g5 h5 56. Kh2 Kf3 57. Kh3 Kxf4 58. Kg2 Kg4 59.
Kh2 f4 60. Kg2 Kxh4 61. Kf3 Kxg5 62. Kg2 Kg4 63. Kf2 h4 64. Kg2 f3+ 65. Kf2 h3
66. Kg1 h2+ 67. Kxh2 f2 68. Kh1 f1=Q+ 69. Kh2 Kf3 70. a4 Qg2# 0-1

[Event "ODJM B 2014"]
[Site "Magdeburg GER"]
[Date "2014.06.13"]
[Round "8"]
[White "Hostmann, Hannes"]
[Black "Maar, Patricia"]
[Result "1-0"]
[Termination "normal"]
[Board "28"]
[WhiteElo "1081"]
[BlackElo "1093"]
[PlyCount "53"]
[WhiteFideId "16277619"]
[BlackFideId "12952630"]
[EventCountry "GER"]
[EventRounds "9"]
[EventType "swiss"]
[EventDate "2014.06.07"]

1. e4 c5 2. Nf3 Nc6 3. Bb5 e6 4. O-O Nge7 5. Nc3 g6 6. d4 cxd4 7. Nxd4 Bg7 8.
Bxc6 bxc6 9. Re1 O-O 10. e5 f6 11. exf6 Bxf6 12. Bh6 Re8 13. Ne4 Bh8 14. Nd6
Bg7 15. Bxg7 Kxg7 16. Nxe8+ Qxe8 17. Qf3 Bb7 18. h3 Rb8 19. Qa3 Ra8 20. Rad1 a6
21. Nf3 d5 22. Rxe6 Kg8 23. Rxe7 Qf8 24. Rxb7 Qxa3 25. bxa3 Re8 26. Re1 Rxe1+
27. Nxe1 1-0

[Event "ODJM B 2014"]
[Site "Magdeburg GER"]
[Date "2014.06.13"]
[Round "8"]
[White "Bardorz, Stefan"]
[Black "Böse, Christina"]
[Result "1/2-1/2"]
[Termination "normal"]
[Board "29"]
[WhiteElo "1047"]
[BlackElo "1356"]
[PlyCount "93"]
[WhiteFideId "16245474"]
[BlackFideId "12929654"]
[EventCountry "GER"]
[EventRounds "9"]
[EventType "swiss"]
[EventDate "2014.06.07"]

1. c4 e6 2. Nc3 Nf6 3. d3 b6 4. e4 Bb7 5. g3 Bb4 6. Bd2 d5 7. cxd5 exd5 8. e5
d4 9. Ne4 Bxd2+ 10. Qxd2 Nxe4 11. dxe4 Bxe4 12. f3 Bb7 13. Bg2 c5 14. Ne2 Qe7
15. Qf4 Nd7 16. O-O O-O 17. Nc1 Qxe5 18. Nd3 Qxf4 19. Nxf4 Rfe8 20. Rfe1 Nf6
21. Rac1 Rxe1+ 22. Rxe1 Re8 23. Rxe8+ Nxe8 24. Kf2 Nd6 25. Bf1 g5 26. Nd3 f6
27. Nc1 Kf7 28. g4 Ke6 29. Be2 a5 30. b3 b5 31. Nd3 Kd5 32. Nb2 c4 33. a4 Ba6
34. axb5 c3 35. bxa6 cxb2 36. a7 b1=Q 37. a8=Q+ Ke6 38. Qg8+ Ke7 39. Qb8 d3 40.
Qa7+ Kf8 41. Qxh7 Qxb3 42. Qh8+ Ke7 43. Qh7+ Nf7 44. Bxd3 a4 45. Bg6 a3 46.
Bxf7 Qxf7 47. Qe4+ 1/2-1/2